Centroamérica:
Đã lưu trong:
| Tác giả chính: | |
|---|---|
| Định dạng: | Texto |
| Các nhãn: |
Thêm thẻ
Không có thẻ, Là người đầu tiên thẻ bản ghi này!
|
MARC
| LEADER | 00000 a a2200000 04500 | ||
|---|---|---|---|
| 001 | 1576 | ||
| 003 | |||
| 040 | |||
| 100 | |a Menjívar Larín, Rafael | ||
| 245 | |a Centroamérica: |c un problema mundial / |c Rafael Menjívar Larín | ||
| 773 | |g número 19; páginas 48-51 | ||
| 999 | |c 32379 |d 32379 | ||
